000 00858nam a22002177a 4500
005 20250513150544.0
010 _aB-771354-383 BACEN25
020 _a9788192933528
_c430.00
035 _aB-771354-383
037 _bVishu
082 _a480
100 _aThakur, A.K.
_981156
245 _aLucent's General English /
_cby A. K. Thakur and Veena Thakur
250 _a12th Ed.
260 _aPatna
_bLucent Publication
_c2024
270 _aNew Bypass Road, Ashochak
_bPatna
_e800030
_k0612-2344915,2344916
_minfo@lucentpublication.com
300 _a554p.
_c27cm(pbk)
700 _aThakur, Veena
_978133
942 _2ddc
_cEN
_mTHA
_h480
999 _c209481
_d209481